Tratado de derecho penal / (Record no. 104072)

MARC details
000 -LEADER
campo de control de longitud fija 00649nam a2200205 i 4500
001 - NÚMERO DE CONTROL
campo de control 104072
003 - IDENTIFICADOR DE NÚMERO DE CONTROL
campo de control ES-MaACL
005 - FECHA Y HORA DE LA ÚLTIMA TRANSACCIÓN
campo de control 20250809034606.0
007 - CAMPO FIJO DE DESCRIPCIÓN FÍSICA--INFORMACIÓN GENERAL
campo de control de longitud fija t|
008 - DATOS DE LONGITUD FIJA--INFORMACIÓN GENERAL
campo de control de longitud fija 051122s1946 sp ||||1| spa d
100 1# - ENTRADA PRINCIPAL--NOMBRE DE PERSONA
Nombre de persona Mezger, Edmund.
9 (RLIN) 80828
245 10 - MENCIÓN DEL TÍTULO
Título Tratado de derecho penal /
Mención de responsabilidad, etc. Edmundo Mezger.
250 ## - MENCION DE EDICION
Mención de edición 2ª ed. rev. y puesta al día
Resto de la mención de edición por José Arturo Rodríguez Muñoz.
260 ## - PUBLICACIÓN, DISTRIBUCIÓN, ETC.
Lugar de publicación, distribución, etc. Madrid :
Nombre del editor, distribuidor, etc. Revista de Derecho Privado,
Fecha de publicación, distribución, etc. 1946.
300 ## - DESCRIPCIÓN FÍSICA
Extensión 454 p. ;
Dimensiones 24 cm.
650 07 - PUNTO DE ACCESO ADICIONAL DE MATERIA--TÉRMINO DE MATERIA
Término de materia o nombre geográfico como elemento de entrada Derecho penal
Fuente del encabezamiento o término embne
9 (RLIN) 11749
700 1# - ENTRADA AGREGADA--NOMBRE PERSONAL
Nombre de persona Rodríguez Muñoz, José Arturo.
9 (RLIN) 98694
852 ## - LOCALIZACIÓN
Ubicación ES-MaACL
Número de control de estantería E-3413
Sublocalización o colección R.22032
Holdings
Estatus retirado Estado de pérdida Estado de daño No para préstamo Biblioteca de origen Biblioteca actual Ubicación en estantería Fecha de adquisición Fuente de adquisición Total de préstamos Signatura topográfica completa Código de barras Visto por última vez Precio de reemplazo Tipo de ítem Koha
        Biblioteca del Ateneo de Madrid Biblioteca del Ateneo de Madrid Depósito 2 17/01/2008     E-3413 1108660 23/02/2023 23/02/2023 Libro impreso